THE ARABIAN NIGHTS A PLAY / (Record no. 615698)

000 -LEADER
fixed length control field 00359nam a22001337a 4500
020 ## - INTERNATIONAL STANDARD BOOK NUMBER
Qualifying information PB.
040 ## - CATALOGING SOURCE
Transcribing agency FIZZA ISHAQ
082 ## - DEWEY DECIMAL CLASSIFICATION NUMBER
Classification number 812.54
Author Mark MAR
100 ## - MAIN ENTRY--PERSONAL NAME
Personal name ZIMMERMAN,MARY.
9 (RLIN) 132584
245 ## - TITLE STATEMENT
Title THE ARABIAN NIGHTS A PLAY /
Statement of responsibility, etc. MARY ZIMMERMAN.
260 ## - PUBLICATION, DISTRIBUTION, ETC.
Place of publication, distribution, etc. NEW YORK;
Name of publisher, distributor, etc. NORTHWESTERN UNIVERSITY PRESS,
Date of publication, distribution, etc. 2005.
300 ## - PHYSICAL DESCRIPTION
Extent 144 P. ;
Dimensions 8.9X5.9IN
942 ## - ADDED ENTRY ELEMENTS (KOHA)
Source of classification or shelving scheme
Koha item type Book
Holdings
Withdrawn status Lost status Source of classification or shelving scheme Damaged status Not for loan Permanent Location Current Location Shelving location Date acquired Total Checkouts Full call number Barcode Date last seen Price effective from Koha item type
          NUST Baluchistan Campus (NBC) NUST Baluchistan Campus (NBC) General Stacks 12/26/2025   812.54 MAR QD-911 12/26/2025 12/26/2025 Book
© 2023 Central Library, National University of Sciences and Technology. All Rights Reserved.